Mudzimu wakupe chironda-- / (Record no. 8340)
[ view plain ]
| 000 -LEADER | |
|---|---|
| fixed length control field | 00807cam a22002657a 4500 |
| 001 - CONTROL NUMBER | |
| control field | 3012610 |
| 003 - CONTROL NUMBER IDENTIFIER | |
| control field | GZU |
| 005 - DATE AND TIME OF LATEST TRANSACTION | |
| control field | 20210519115359.0 |
| 008 - FIXED-LENGTH DATA ELEMENTS--GENERAL INFORMATION | |
| fixed length control field | 940526s1991 rh 000 0 sna |
| 010 ## - LIBRARY OF CONGRESS CONTROL NUMBER | |
| LC control number | 93982857 |
| 020 ## - INTERNATIONAL STANDARD BOOK NUMBER | |
| International Standard Book Number | 0869225111 |
| 040 ## - CATALOGING SOURCE | |
| Original cataloging agency | DLC |
| Transcribing agency | DLC |
| Modifying agency | DLC |
| 042 ## - AUTHENTICATION CODE | |
| Authentication code | lcode |
| 050 00 - LIBRARY OF CONGRESS CALL NUMBER | |
| Classification number | PL8681 |
| Item number | MAN 1991 |
| 100 1# - MAIN ENTRY--PERSONAL NAME | |
| Personal name | Manyimbiri, Felix. |
| Relator term | author |
| 245 10 - TITLE STATEMENT | |
| Title | Mudzimu wakupe chironda-- / |
| Statement of responsibility, etc. | Felix Manyimbiri. |
| 260 ## - PUBLICATION, DISTRIBUTION, ETC. | |
| Place of publication, distribution, etc. | Gweru, Zimbabwe : |
| Name of publisher, distributor, etc. | Mambo Press, |
| Date of publication, distribution, etc. | 1991. |
| 300 ## - PHYSICAL DESCRIPTION | |
| Extent | 67 p. ; |
| Dimensions | 21 cm. |
| 490 1# - SERIES STATEMENT | |
| Series statement | Mambo writers series. Shona section ; |
| Volume/sequential designation | vol. 31 |
| 520 ## - SUMMARY, ETC. | |
| Summary, etc. | A novel. |
| 830 #0 - SERIES ADDED ENTRY--UNIFORM TITLE | |
| Uniform title | Mambo writers series. |
| Name of part/section of a work | Shona section |
| Volume/sequential designation | v. 31. |
| 906 ## - LOCAL DATA ELEMENT F, LDF (RLIN) | |
| a | 7 |
| b | cbc |
| c | origode |
| d | u |
| e | ncip |
| f | 19 |
| g | y-gencatlg |
| 942 ## - ADDED ENTRY ELEMENTS (KOHA) | |
| Source of classification or shelving scheme | Library of Congress Classification |
| Koha item type | Books |
| Classification part | 8681 |
| Item part | MAN |
| Call number prefix | PL |
| Withdrawn status | Lost status | Source of classification or shelving scheme | Damaged status | Not for loan | Collection code | Home library | Current library | Shelving location | Date acquired | Inventory number | Total Checkouts | Full call number | Barcode | Date last seen | Copy number | Price effective from | Koha item type |
|---|---|---|---|---|---|---|---|---|---|---|---|---|---|---|---|---|---|
| Library of Congress Classification | Fiction | Mashava Campus Library | Mashava Campus Library | General Stacks | 05/19/2021 | 12767 | PL8681 MAN 2004 | 012556 | 05/19/2021 | c. 1 | 05/19/2021 | Books | |||||
| Fiction | Mashava Campus Library | Mashava Campus Library | General Stacks | 05/20/2009 | 8942 | PL8681 MAN 2004 | G21668 | 05/20/2021 | c.2 | 05/20/2021 | Books |